Car Songs - Statistics

General Stats
  • This quiz has been taken 26 times
  • The average score is 7 of 15
Answer Stats
Artist Song % Correct
Queen I'm In Love With My {Car}
87%
Natalie Cole Pink {Cadillac}
83%
Prince Little Red {Corvette}
78%
Wilson Pickett {Mustang} Sally
65%
Madness {Driving} In My Car
57%
Talking Heads Road To {Nowhere}
57%
Billie Jo Spears '57 {Chevrolet}
48%
Rose Royce Car {Wash}
43%
Beach Boys Little Deuce {Coupe}
43%
Kraftwerk Auto{bahn}
39%
Sniff & The Tears Driver's {Seat}
35%
Tom Robinson Band 2-4-6-8 {Motorway}
30%
Manfred Mann's Earth Band {Davy}'s On The Road Again
26%
Johnny Cash One {Piece} At A Time
13%
Commander Cody and His Lost Planet Airmen Hot Rod {Lincoln}
9%
No matching quizzes found
Score Distribution
Percent of People with Each Score
Percentile by Number Answered
Your Score History
You have not taken this quiz